Chieftaincy in Zambia : a perspective for the future generation (Record no. 86589)
[ view plain ]
| 000 -LEADER | |
|---|---|
| fixed length control field | 00723 a2200229 4500 |
| 003 - CONTROL NUMBER IDENTIFIER | |
| control field | CBULib |
| 005 - DATE AND TIME OF LATEST TRANSACTION | |
| control field | 20260109103337.0 |
| 008 - FIXED-LENGTH DATA ELEMENTS--GENERAL INFORMATION | |
| fixed length control field | 260105b |||||||| |||| 00| 0 eng d |
| 020 ## - INTERNATIONAL STANDARD BOOK NUMBER | |
| International Standard Book Number | 9789982014862 |
| 040 ## - CATALOGING SOURCE | |
| Original cataloging agency | CBULib |
| Language of cataloging | English |
| Transcribing agency | CBULib |
| Description conventions | rda |
| 041 ## - LANGUAGE CODE | |
| Language code of text/sound track or separate title | eng |
| 050 ## - LIBRARY OF CONGRESS CALL NUMBER | |
| Classification number | ZAM GN 492.55 Kan |
| 100 ## - MAIN ENTRY--PERSONAL NAME | |
| Personal name | Kawang'u, Joseph |
| 245 ## - TITLE STATEMENT | |
| Title | Chieftaincy in Zambia : a perspective for the future generation |
| Statement of responsibility, etc | / by Joseph Kawang'u |
| 260 ## - PUBLICATION, DISTRIBUTION, ETC. (IMPRINT) | |
| Name of publisher, distributor, etc | Zambia Educational Publishing House, |
| Date of publication, distribution, etc | 2023. |
| Place of publication, distribution, etc | Lusaka : |
| 300 ## - PHYSICAL DESCRIPTION | |
| Extent | x, 120 pages : illustrations |
| 336 ## - CONTENT TYPE | |
| Source | rdacontent |
| Content type term | Text | |
| Content type code | txt |
| 337 ## - MEDIA TYPE | |
| Source | rdamedia |
| Media type term | Unmediated | |
| Media type code | n |
| 338 ## - CARRIER TYPE | |
| Source | rdacarrier |
| Carrier type term | Volume |
| Carrier type code | nc |
| 650 #0 - SUBJECT ADDED ENTRY--TOPICAL TERM | |
| 9 (RLIN) | 5152 |
| Topical term or geographic name as entry element | CHIEFDOMS--ZAMBIA |
| 942 ## - ADDED ENTRY ELEMENTS (KOHA) | |
| Source of classification or shelving scheme | |
| Koha item type | ZAMBIANA COLLECTION |
| Withdrawn status | Lost status | Source of classification or shelving scheme | Damaged status | Not for loan | Collection code | Permanent Location | Current Location | Shelving location | Date acquired | Source of acquisition | Full call number | Barcode | Date last seen | Copy number | Price effective from | Koha item type |
|---|---|---|---|---|---|---|---|---|---|---|---|---|---|---|---|---|
| Special Collections | CBU-MAIN LIBRARY, KITWE. | CBU-MAIN LIBRARY, KITWE. | Special Collections | 01/05/2026 | DEP-MISC | GN 492.55 .Kaw | B153255 | 01/05/2026 | 1 | 01/05/2026 | ZAMBIANA COLLECTION |